00702nam a22001097a 4500008004100000100001900041245004700060260001300107300003100120520042800151773001300579231218b ||||| |||| 00| 0 eng d aChindy, Sujan  aIndia’s growing stature: A rising power  aYojana  a67(12), Dec, 2023: p.11-22 aThere has been tremendous change in India’s trajectory over the last nine eyars. India has now entered the period of Kartavya Kaal, which will provide a golden opportunity for India to achieve unprecedented levels of scientific, technological, economic and social progre3ss. Today, India has emerged as a Vishwa Mitra (global friend), a Vishwa Guru ( global techer0 and a Vsihawa Vaid ( Global physician). – Reproduced  aYojana